000 00580nam a2200181Ia 4500
003 GCL
008 140319s9999 xx 000 0 ara d
040 _aGCL /
_cGCL
082 0 4 _a811.9
_bا ش
100 1 _aاحمد شوقى
245 1 0 _aاحمد شوقى :الاعمال الشعرية الكاملة: المسرحيات /
_cاحمد شوقى
260 _a[S.N] :
_bدار العودة للصحافة والطباعه ،
_c1988
490 _a
650 0 4 _aالشعر العربى
650 0 4 _aالعصر الحديث
650 0 4 _aاحمد شوقى
942 _2ddc
_cBK
999 _c54017
_d54017